000 00366 a2200157 4500
001 74858
020 _a9788562018053
040 _cAnchieta - Colégio São Paulo
100 _aMatos, Nato
240 1 0 _aA trasnsformação da Bruxa
_lpor
245 1 0 _aA trasnsformação da Bruxa
300 _a32
362 0 _a2010
650 4 _aLiteratura infantil
942 _cBK
999 _c74858
_d74858